Movies About Historical Figures - Statistics

General Stats
  • This quiz has been taken 24 times
  • The average score is 11 of 16
Answer Stats
Picture Answer % Correct
Oppenheimer
96%
Lincoln
91%
Malcolm X
91%
Braveheart
87%
Lawrence of Arabia
87%
The Wolf of Wall Street
87%
Gandhi
83%
Schindler's List
78%
Amadeus
70%
Patton
70%
Milk
65%
Selma
57%
The King's Speech
52%
Darkest Hour
48%
Ivan the Terrible, Part I
30%
The Ministry of Ungentlemanly Warfare
22%
No matching quizzes found
Score Distribution
Percent of People with Each Score
Percentile by Number Answered
Your Score History
You have not taken this quiz